000
00336nam a2200145Ia 4500
008
240624s9999 xx 000 0 und d
041
_a
eng
082
_a
330 SLO
100
_a
SLOMAN JOHN
245
_a
ECONOMICS
250
_a
(6rd ed.)
260
_c
2008
_a
New Delhi
_b
Pearson
300
_a
xiv, : 750p. : cm. ; 25
365
_c
RS
_b
33
999
_c
25474
_d
25474